[Event "It (open)"]
[Site "masterchessopen.com Haarlem (Netherlands)"]
[Round "4"]
[White "Tondivar Babak (IRI)"]
[Black "Velde Jan"]
[Result "1-0"]
[WhiteElo "2305"]
[BlackElo "1915"]

1.Nf3 Nf6 2.c4 g6 3.d4 Bg7 4.g3 O-O 5.Bg2 d6 6.O-O Nbd7 7.Nc3 e5 8.e4 c6 9.h3
Qb6 10.c5 dxc5 11.dxe5 Ne8 12.e6 fxe6 13.Ng5 Ndf6 14.e5 Nd5 15.f4 c4+ 16.Kh2
Nec7 17.h4 Nxc3 18.bxc3 Nd5 19.h5 Qc7 20.hxg6 h6 21.Nf7 Rxf7 22.gxf7+ Qxf7
23.Bd2 Bd7 24.Be4 b5 25.Qf3 a5 26.Rae1 b4 27.Bb1 bxc3 28.Bxc3 Rb8 29.Be4 Bf8
30.Rb1 Bb4 31.Bxd5 {#r} 1-0

[Event "It (open)"]
[Site "masterchessopen.com Hafnarfjordur (Iceland)"]
[Round "7"]
[White "Bjarnason Saevar (ISL)"]
[Black "Gislason Gudmundur (ISL)"]
[Result "0-1"]
[WhiteElo "2285"]
[BlackElo "2285"]

1.d4 Nf6 2.c4 g6 3.g3 Bg7 4.Bg2 O-O 5.Nc3 d6 6.Nf3 c6 7.O-O Nbd7 8.e4 e5 9.h3
Re8 10.Re1 Qb6 11.Re2 Nf8 12.d5 c5 13.Rb1 Nh5 14.b4 cxb4 15.Be3 Qd8 16.Rxb4 f5
17.Kh2 f4 18.Bc1 Nd7 19.Ne1 Rf8 20.Reb2 Nc5 21.Nd3 Qg5 22.Ne2 Nf6 23.Nxc5 dxc5
24.R4b3 Qh5 25.Nc3 f3 26.Bf1 Bxh3 {#R} 0-1

[Event "Ch Hungary (team) 1996/97 (2 liga)"]
[Site "masterchessopen.com Hungary"]
[Round "1"]
[White "Molnar Attila (AUT)"]
[Black "Kiraly Zoltan (HUN)"]
[Result "1-0"]
[WhiteElo "2095"]
[BlackElo "2075"]

1.d4 Nf6 2.c4 d6 3.Nc3 g6 4.Nf3 Bg7 5.g3 O-O 6.Bg2 c6 7.O-O Nbd7 8.h3 e5 9.e4
Re8 10.Re1 a6 11.Qc2 Rb8 12.Be3 b5 13.c5 dxc5 14.dxe5 Nxe5 15.Nxe5 Rxe5 16.Bf4
Nh5 17.Bxe5 Bxe5 18.Rad1 Qb6 19.f4 Bd4+ 20.Kh2 c4 21.Re2 g5 22.Bf3 Ng7 23.Red2
c5 24.Ne2 Bf6 25.Rd6 {#r} 1-0

[Event "It \"]
[Site "masterchessopen.com Jyvaskyla (Finland)"]
[Round "6"]
[White "Nykopp Jan-Michael F (FIN)"]
[Black "Jorgensen Stig E (DEN)"]
[Result "1-0"]
[WhiteElo "2216"]
[BlackElo "2018"]

1.d4 Nf6 2.c4 g6 3.Nc3 Bg7 4.Nf3 d6 5.g3 O-O 6.Bg2 Nbd7 7.O-O e5 8.e4 c6 9.h3
Qc7 10.Be3 Re8 11.d5 c5 12.a3 Nf8 13.Nd2 a6 14.b4 b6 15.Rb1 Bd7 16.Qc2 Nh5
17.Qd1 f5 18.exf5 Bxf5 19.Nce4 Nf6 20.Rc1 Rad8 21.Bg5 N8d7 22.g4 Bxe4 23.Nxe4
Rf8 24.Qa4 Nb8 25.bxc5 bxc5 26.Rb1 Rc8 27.Rb2 Nxe4 28.Bxe4 Rf7 29.Rfb1 Bf8
30.Be3 Re8 31.Qxe8 {#r} 1-0

[Event "Olympiade (blindfold)"]
[Site "masterchessopen.com Laguna (Brazil)"]
[Round "1"]
[White "Cabarkapa Milenko (SRB)"]
[Black "Kuvsinov Anatolij (LTU)"]
[Result "1-0"]
[WhiteElo "2270"]
[BlackElo "1989"]

1.Nf3 Nf6 2.c4 g6 3.d4 Bg7 4.g3 d6 5.Bg2 O-O 6.O-O c6 7.Nc3 Nbd7 8.e4 e5 9.h3
Re8 10.Re1 Qc7 11.Be3 a6 12.Rc1 exd4 13.Nxd4 Nc5 14.Qc2 Ne6 15.Rcd1 Nxd4
16.Bxd4 Be6 17.b3 Nh5 18.Bxg7 Kxg7 19.Re3 Kg8 20.Red3 Rad8 21.Qd2 f6 22.c5 d5
23.exd5 cxd5 24.Bxd5 Ng7 25.Ne4 Qe7 26.Nd6 Rf8 27.Re3 Kh8 28.Bxe6 {#r} 1-0

[Event "It (open)"]
[Site "masterchessopen.com Litomysl (Czech Republic)"]
[Round "3"]
[White "Piza Vlastimil (CZE)"]
[Black "Svoboda Petr (CZE)"]
[Result "1-0"]
[WhiteElo "2275"]
[BlackElo "2088"]

1.d4 Nf6 2.c4 g6 3.Nf3 Bg7 4.Nc3 O-O 5.g3 d6 6.Bg2 Nbd7 7.O-O c6 8.e4 e5 9.h3
Re8 10.Re1 Rb8 11.Be3 a6 12.dxe5 Nxe5 13.Nxe5 dxe5 14.Qc2 Be6 15.c5 Qc8 16.Kh2
Nh5 17.Rad1 f5 18.exf5 gxf5 19.Bg5 e4 20.Nxe4 fxe4 21.Bxe4 Nf6 22.Bxf6 Bxf6
23.Bxh7+ Kh8 24.Qg6 Bg7 25.Qh5 Bf7 26.Bg6+ Kg8 {#r} 1-0

[Event "Tournament"]
[Site "masterchessopen.com Merzig (Germany)"]
[Round "6"]
[White "Schwing Hans-Elmar (GER)"]
[Black "Klein Joachim (GER)"]
[Result "1-0"]
[WhiteElo "2245"]
[BlackElo "2248"]

1.d4 g6 2.c4 Bg7 3.Nc3 Nf6 4.g3 O-O 5.Bg2 c6 6.e4 d6 7.Nf3 Nbd7 8.O-O e5 9.h3
exd4 10.Nxd4 Re8 11.Re1 a5 12.Bf4 Ne5 13.b3 Nfd7 14.Be3 Nc5 15.Bf1 Ne6 16.Nxe6
Bxe6 17.Rc1 f5 18.f4 Nf7 19.Bd4 Bf8 20.Rc2 Qd7 21.Rce2 Nh6 22.Kh2 Qf7 23.Bg2
Rad8 24.Qd2 c5 25.Bf2 Bg7 26.exf5 Nxf5 27.Rxe6 {#r} 1-0

[Event "It (open)"]
[Site "masterchessopen.com Mondariz (Spain)"]
[Round "0"]
[White "Bernal Moro Luis Javier (ESP)"]
[Black "Paramos Dominguez Roberto (ESP)"]
[Result "0-1"]
[WhiteElo "2455"]
[BlackElo "2410"]

1.d4 Nf6 2.c4 g6 3.g3 Bg7 4.Bg2 O-O 5.Nc3 d6 6.Nf3 Nbd7 7.O-O e5 8.e4 c6 9.h3
Qb6 10.b3 exd4 11.Na4 Qa5 12.Nxd4 Re8 13.Re1 Nxe4 14.b4 Qxb4 15.Rxe4 Rxe4
16.Bxe4 c5 17.Bd3 Ne5 18.Be2 Bd7 19.Nb5 Nxc4 20.Rb1 Qxb1 21.Nac3 Qa1 22.Bxc4
Bxc3 23.Bxf7+ Kxf7 24.Nxd6+ Kg7 {#R} 0-1

[Event "It (w)"]
[Site "masterchessopen.com Moscow (Russia)"]
[Round "0"]
[White "Edzgveradze Natalia (GEO)"]
[Black "Enderjukova Aelita (RUS)"]
[Result "1-0"]
[WhiteElo "2300"]
[BlackElo "2155"]

1.d4 Nf6 2.c4 g6 3.g3 Bg7 4.Nf3 d6 5.Bg2 O-O 6.O-O Nbd7 7.Nc3 e5 8.h3 c6 9.e4
Qb6 10.c5 dxc5 11.dxe5 Ne8 12.e6 fxe6 13.Ng5 Ne5 14.f4 c4+ 15.Kh2 Nd3 16.e5 h6
17.Nf3 g5 18.fxg5 hxg5 19.Qe2 Rf5 20.g4 Rxe5 21.Nxe5 Bxe5+ 22.Kh1 Bf4 23.Bxf4
Nxf4 24.Qe5 Ng7 25.Qxg5 Nxg2 26.Ne4 Qe3 27.Qd8+ Kh7 28.Ng5+ {#r} 1-0

[Event "It (w)"]
[Site "masterchessopen.com Moscow (Russia)"]
[Round "0"]
[White "Lymar Irina (UKR)"]
[Black "Enderjukova Aelita (RUS)"]
[Result "1-0"]
[WhiteElo "2235"]
[BlackElo "2155"]

1.d4 Nf6 2.Nf3 g6 3.c4 Bg7 4.g3 d6 5.Bg2 O-O 6.O-O Nbd7 7.Nc3 e5 8.h3 c6 9.e4
Qb6 10.Re1 exd4 11.Nxd4 Ne8 12.Nb3 Ne5 13.c5 Qc7 14.f4 Nc4 15.Bf1 b5 16.a4 b4
17.Bxc4 bxc3 18.bxc3 Bxc3 19.Ba3 Bxe1 20.cxd6 Qd7 21.Qxe1 Qxh3 22.Ra2 Be6
23.Rh2 Qxh2+ 24.Kxh2 Bxc4 25.d7 Nf6 26.Bxf8 Rxf8 27.Nc5 Rd8 28.Qa5 {#r} 1-0

[Event "?"]
[Site "masterchessopen.com Naantali (Finland)"]
[Round "6"]
[White "Linqvist Grels (FIN)"]
[Black "Johansson Jukka (FIN)"]
[Result "1-0"]
[WhiteElo "2003"]
[BlackElo "2117"]

1.c4 Nf6 2.Nc3 g6 3.g3 Bg7 4.Bg2 d6 5.d4 O-O 6.Nf3 Nbd7 7.O-O e5 8.h3 c6 9.e4
Re8 10.Be3 exd4 11.Nxd4 Nc5 12.Qc2 Qe7 13.Rfe1 a5 14.f3 Bd7 15.Bf2 Nh5 16.Rad1
Rad8 17.Kh2 Bc8 18.f4 Qc7 19.Re2 Re7 20.Red2 Nf6 21.Ndb5 cxb5 22.Nxb5 Qb6
23.Rxd6 {#r} 1-0

[Event "It (open)"]
[Site "masterchessopen.com North Bay (Canada)"]
[Round "0"]
[White "Ristovic Nenad (CAN)"]
[Black "Peckford William (CAN)"]
[Result "0-1"]
[WhiteElo "2295"]
[BlackElo "2270"]

1.d4 Nf6 2.c4 g6 3.g3 Bg7 4.Bg2 O-O 5.Nc3 d6 6.Nf3 Nbd7 7.O-O e5 8.h3 c6 9.e4
Qb6 10.Re1 exd4 11.Nxd4 Ng4 12.hxg4 Bxd4 13.Re2 Bg7 14.Be3 Qb4 15.Rc1 Ne5
16.a3 Qa5 17.f4 Nxc4 18.Bd4 Bxd4+ 19.Qxd4 Qb6 20.Qxb6 axb6 21.Bf3 b5 22.a4
bxa4 23.Nd1 a3 24.b3 Na5 25.Ra2 Nxb3 26.Rc3 Nd4 27.Kf2 Nb5 28.Re3 Be6 29.Ra1
a2 30.f5 Nd4 {#R} 0-1

[Event "It (open)"]
[Site "masterchessopen.com Orense (Spain)"]
[Round "0"]
[White "Paramos Dominguez Roberto (ESP)"]
[Black "Candela Perez Jose (ESP)"]
[Result "0-1"]
[WhiteElo "2410"]
[BlackElo "2365"]

1.d4 Nf6 2.c4 g6 3.Nc3 Bg7 4.Nf3 d6 5.g3 O-O 6.Bg2 Nbd7 7.O-O e5 8.e4 c6 9.h3
Qb6 10.Re1 Re8 11.d5 cxd5 12.cxd5 Nc5 13.Rb1 a5 14.Bf1 Bd7 15.Be3 Rac8 16.Nd2
Qd8 17.Bg5 h6 18.Bxf6 Bxf6 19.Kg2 Be7 20.Bb5 Bxb5 21.Nxb5 Qb6 22.a4 Nd3 23.Re2
f5 24.Re3 Nxf2 25.Qf3 Nxe4 26.Nxe4 fxe4 27.Qxe4 Kg7 28.Re2 Rf8 29.Rc1 {#R} 0-1

[Event "Ch World (active) (juniors) (under 14)"]
[Site "masterchessopen.com Paris (France)"]
[Round "4"]
[White "Calotescu Ana-Cristina (ROM)"]
[Black "Cmilyte Viktorija (LTU)"]
[Result "1-0"]
[WhiteElo "2095"]
[BlackElo "2180"]

1.Nf3 Nf6 2.g3 g6 3.Bg2 Bg7 4.O-O O-O 5.c4 d6 6.d4 Nbd7 7.Nc3 e5 8.e4 c6 9.h3
Qb6 10.d5 cxd5 11.Nxd5 Nxd5 12.Qxd5 Nc5 13.Qd1 Nxe4 14.Be3 Qc7 15.Qd5 Nf6
16.Qd2 Be6 17.b3 Rfd8 18.Rac1 Qe7 19.Qb4 Bf8 20.Rfd1 Qd7 21.Qc3 Qc8 22.Qb2
Bxh3 23.Bh1 Bg4 24.Re1 b6 25.Nh2 Rb8 26.Bg5 Bg7 27.Nxg4 Qxg4 28.Qd2 Qh3 {#r}
1-0

[Event "It (open)"]
[Site "masterchessopen.com Solymar (Hungary)"]
[Round "0"]
[White "Nemeth Zoltan (HUN)"]
[Black "Forgacs Attila (HUN)"]
[Result "1-0"]
[WhiteElo "2425"]
[BlackElo "2235"]

1.Nf3 Nf6 2.g3 g6 3.Bg2 Bg7 4.O-O O-O 5.c4 d6 6.d4 Nbd7 7.Nc3 c6 8.h3 e5 9.e4
Qb6 10.Rb1 Re8 11.Re1 exd4 12.Nxd4 Ng4 13.Qxg4 Bxd4 14.Be3 Ne5 15.Bxd4 Qxd4
16.Qd1 Qxc4 17.Qxd6 Nd3 18.Bf1 Bxh3 19.Bxd3 {#r} 1-0

[Event "It (open)"]
[Site "masterchessopen.com Tampere (Finland)"]
[Round "2"]
[White "Manninen Marko (FIN)"]
[Black "Lammi Jyri (FIN)"]
[Result "1-0"]
[WhiteElo "2400"]
[BlackElo "2152"]

1.d4 Nf6 2.c4 d6 3.Nf3 g6 4.g3 Bg7 5.Bg2 O-O 6.O-O Nbd7 7.Nc3 e5 8.e4 c6 9.h3
Qb6 10.c5 dxc5 11.dxe5 Ne8 12.Qc2 Nxe5 13.Nxe5 Bxe5 14.Na4 Qc7 15.Nxc5 Nd6
16.Be3 Re8 17.Rac1 Bg7 18.Rfd1 Be6 19.Bf4 Rad8 20.Rd3 Qe7 21.Nxe6 Qxe6 22.Rcd1
Be5 23.Bxe5 Qxe5 24.f4 {#r} 1-0

[Event "Ch Croatia (team) (1st league)"]
[Site "masterchessopen.com Tucepi (Croatia)"]
[Round "4"]
[White "Medic Mirjana (CRO)"]
[Black "Poljak Srebrenka (CRO)"]
[Result "1-0"]
[WhiteElo "2315"]
[BlackElo "2008"]

1.d4 Nf6 2.Nf3 g6 3.c4 Bg7 4.g3 d6 5.Bg2 O-O 6.O-O Nbd7 7.Nc3 e5 8.h3 c6 9.e4
exd4 10.Nxd4 Qb6 11.Nde2 Nc5 12.Qc2 Qb4 13.b3 Re8 14.Be3 a5 15.Na4 Nfd7
16.Rab1 b5 17.Bd2 Qa3 18.Bc1 Bb2 19.Bxb2 Qxa2 20.Nc1 {#r} 1-0

[Event "It (open) (a)"]
[Site "masterchessopen.com Val Thorens (France)"]
[Round "6"]
[White "Magnier Hugues (FRA)"]
[Black "Gaudineau Gilles (FRA)"]
[Result "1-0"]
[WhiteElo "2290"]
[BlackElo "2069"]

1.d4 Nf6 2.Nf3 g6 3.c4 Bg7 4.Nc3 O-O 5.g3 d6 6.Bg2 Nbd7 7.O-O c6 8.e4 e5 9.h3
Qc7 10.Be3 Kh8 11.Rc1 Ng8 12.b4 f5 13.Ng5 Ndf6 14.dxe5 dxe5 15.Bc5 h6 16.Bd6
Qd7 17.Bxf8 Bxf8 18.Nf3 Qc7 19.c5 a5 20.a3 axb4 21.axb4 fxe4 22.Nd2 Nd5 23.Qb3
Be6 24.Qb2 e3 25.Nd1 exf2+ 26.Rxf2 {#r} 1-0

[Event "It (open) (w)"]
[Site "masterchessopen.com Yalta (Ukraine)"]
[Round "2"]
[White "Lymar Irina (UKR)"]
[Black "Mamonova Yulia (UKR)"]
[Result "1-0"]
[WhiteElo "2235"]
[BlackElo "2029"]

1.d4 Nf6 2.c4 g6 3.Nf3 Bg7 4.g3 c6 5.Bg2 O-O 6.O-O d6 7.Nc3 Nbd7 8.h3 e5 9.e4
Re8 10.Be3 exd4 11.Nxd4 Nc5 12.Qc2 Qe7 13.Rfe1 a5 14.b3 Be6 15.Rad1 Rad8 16.f4
Na6 17.a3 Nc7 18.Bf2 Nh5 19.Kh2 Qf6 20.Nde2 c5 21.e5 dxe5 22.Ne4 {#r} 1-0

[Event "Olympiad"]
[Site "masterchessopen.com Yerevan (Armenia)"]
[Round "9"]
[White "Ardiansyah H (INA)"]
[Black "Iuldachev Saidali (UZB)"]
[Result "0-1"]
[WhiteElo "2430"]
[BlackElo "2515"]

1.d4 Nf6 2.Nf3 g6 3.c4 Bg7 4.g3 O-O 5.Bg2 d6 6.O-O Nbd7 7.Nc3 e5 8.h3 c6 9.e4
Qb6 10.Re1 exd4 11.Nxd4 Re8 12.Nc2 Nc5 13.Rb1 Ng4 14.hxg4 Bxc3 15.Be3 Bxe1
16.Qxd6 Bc3 17.Qxc5 Qxc5 18.Bxc5 Bf6 19.Bf3 a5 20.Kg2 a4 21.Be3 Be6 22.Be2 b5
23.b3 axb3 24.axb3 Ra2 25.Rc1 Bb2 26.Rd1 Bc3 27.Rc1 bxc4 28.bxc4 Rd8 29.Bc5
Rd2 {#R} 0-1

[Event "Olympiad (w)"]
[Site "masterchessopen.com Yerevan (Armenia)"]
[Round "6"]
[White "Guindy Esmat (DEN)"]
[Black "Riegler Alessandra (ITA)"]
[Result "1-0"]
[WhiteElo "2095"]
[BlackElo "2030"]

1.d4 Nf6 2.c4 g6 3.g3 Bg7 4.Bg2 O-O 5.Nf3 d6 6.O-O c6 7.Nc3 Nbd7 8.e4 e5 9.h3
Re8 10.Re1 exd4 11.Nxd4 Nc5 12.b3 Ne6 13.Be3 Nxd4 14.Bxd4 Be6 15.Qd2 Qc7
16.Rad1 Red8 17.Be3 Qe7 18.Bg5 Rd7 19.Re3 Qf8 20.Rd3 Ne8 21.c5 dxc5 22.Rxd7
Bxd7 23.Qxd7 Bxc3 24.Be7 Nf6 25.Qd6 Qg7 26.Qd8+ Rxd8 27.Rxd8+ Qf8 28.Bxf8 {#r}
1-0

[Event "Olympiad (w)"]
[Site "masterchessopen.com Yerevan (Armenia)"]
[Round "1"]
[White "Piarnpuu Leili (EST)"]
[Black "Rautanen Sari (FIN)"]
[Result "1-0"]
[WhiteElo "2235"]
[BlackElo "1991"]

1.Nf3 Nf6 2.d4 g6 3.c4 Bg7 4.g3 O-O 5.Bg2 d6 6.O-O Nbd7 7.Nc3 e5 8.e4 c6 9.h3
Qe7 10.Re1 exd4 11.Nxd4 Nc5 12.Bf4 Nh5 13.Nxc6 bxc6 14.Bxd6 Qf6 15.Bxc5 Rd8
16.Qe2 Qe5 17.Be3 Be6 18.c5 Qc7 19.Red1 Qa5 20.g4 Nf6 21.Rd6 Rxd6 22.cxd6 Rd8
23.f4 Nd7 24.f5 Bxc3 25.fxe6 {#r} 1-0

[Event "It (open)"]
[Site "masterchessopen.com Ylistaro (Finland)"]
[Round "0"]
[White "Linqvist Grels (FIN)"]
[Black "Vetemaa Juri (EST)"]
[Result "0-1"]
[WhiteElo "2003"]
[BlackElo "2350"]

1.c4 Nf6 2.Nc3 g6 3.g3 Bg7 4.Bg2 O-O 5.d4 d6 6.Nf3 c6 7.O-O Nbd7 8.h3 e5 9.e4
exd4 10.Nxd4 Qb6 11.Rb1 Nxe4 12.Nxe4 Bxd4 13.b4 Bg7 14.Qxd6 Qa6 15.b5 Qxa2
16.bxc6 bxc6 17.Be3 a5 18.Rfc1 Ra6 19.c5 Qe6 20.Qxe6 fxe6 21.Bf1 Ra7 22.Bc4
Ne5 23.Ba2 Nd3 24.Rd1 Nb4 25.Bc4 Nd5 26.Bc1 a4 27.Ba3 Ba6 28.Bxa6 Rxa6 29.Rd4
Raa8 {#R} 0-1

[Event "Tournament (juniors) (under 18)"]
[Site "masterchessopen.com Zagreb (Croatia)"]
[Round "0"]
[White "Pacic Andrej (CRO)"]
[Black "Suskovic Matija (CRO)"]
[Result "0-1"]
[WhiteElo "2176"]
[BlackElo "2205"]

1.d4 Nf6 2.c4 g6 3.g3 Bg7 4.Bg2 O-O 5.Nc3 d6 6.Nf3 Nbd7 7.O-O e5 8.e4 c6 9.h3
exd4 10.Nxd4 Qb6 11.Re1 Ne8 12.Nc2 Nc5 13.Ne3 a5 14.Qc2 a4 15.Rb1 f5 16.exf5
gxf5 17.Nf1 Qb4 18.Bf4 Qxc4 19.Rbd1 a3 20.Re7 axb2 21.Rxg7+ Nxg7 22.Qxb2 Nd3
23.Qe2 Qxc3 24.Rxd3 Qc4 25.Qd1 Be6 26.Rxd6 Rxa2 27.Ne3 Qc3 28.Nf1 Bb3 29.Be5
Qxe5 30.Qxb3+ Kh8 31.Rxc6 Qe2 {#R} 0-1

[Event "Ch France (open) (a)"]
[Site "masterchessopen.com Auxerre (France)"]
[Round "0"]
[White "Deschler Fabrice (FRA)"]
[Black "Clery Nicolas (FRA)"]
[Result "1-0"]
[WhiteElo "2135"]
[BlackElo "2390"]

1.Nf3 d6 2.d4 g6 3.c4 Bg7 4.Nc3 Nf6 5.g3 O-O 6.Bg2 Nbd7 7.O-O e5 8.e4 c6 9.h3
Qb6 10.Re1 Re8 11.d5 c5 12.Rb1 a6 13.a3 Qc7 14.Bf1 Kh8 15.Bd2 Ng8 16.b4 f5
17.Ng5 Nh6 18.Ne6 Qb8 19.Bxh6 Bxh6 20.exf5 Nf6 21.Ne4 Nxe4 22.Rxe4 cxb4 23.Rh4
Bg7 24.fxg6 h6 25.Rxh6+ {#r} 1-0

[Event "It (open)"]
[Site "masterchessopen.com Gioiosa Marea (Italy)"]
[Round "0"]
[White "Gaeta Michele"]
[Black "Pascarelli Andrea (ITA)"]
[Result "0-1"]
[WhiteElo "1971"]
[BlackElo "2093"]

1.d4 Nf6 2.c4 g6 3.Nc3 Bg7 4.Nf3 O-O 5.g3 d6 6.Bg2 c6 7.O-O Nbd7 8.h3 e5 9.e4
Qb6 10.Re1 Re8 11.Be3 Qxb2 12.Na4 Qb4 13.Nd2 b5 {#R} 0-1

[Event "It (cat.3)"]
[Site "masterchessopen.com Budapest (Hungary)"]
[Round "2"]
[White "Richardson John R (ENG)"]
[Black "Kahn Evarth Dr (HUN)"]
[Result "1-0"]
[WhiteElo "2260"]
[BlackElo "2270"]

1.d4 Nf6 2.c4 g6 3.Nc3 Bg7 4.Nf3 O-O 5.g3 d6 6.Bg2 Nbd7 7.O-O e5 8.h3 c6 9.e4
Qb6 10.c5 dxc5 11.dxe5 Ne8 12.e6 fxe6 13.Ng5 Ndf6 14.Be3 Qa5 15.Rc1 b6 16.e5
Nd5 17.Nxd5 cxd5 18.Bxd5 Nc7 19.Bxa8 Nxa8 20.Qd6 Re8 21.Qc6 {#r} 1-0

[Event "It (open)"]
[Site "masterchessopen.com Decin (Czech Republic)"]
[Round "3"]
[White "Lymar Vladimir (UKR)"]
[Black "Rudakov Evgenij (RUS)"]
[Result "1-0"]
[WhiteElo "2289"]
[BlackElo "2260"]

1.d4 Nf6 2.Nf3 g6 3.c4 Bg7 4.g3 O-O 5.Bg2 d6 6.O-O Nbd7 7.Nc3 e5 8.h3 c6 9.e4
exd4 10.Nxd4 Re8 11.Be3 a5 12.Qc2 Nc5 13.Rad1 Qe7 14.Rfe1 a4 15.f4 a3 16.b4
Ne6 17.Nb3 Nc7 18.e5 dxe5 19.Bc5 Qe6 20.Rxe5 Qxc4 21.Bf1 Rxe5 22.Bxc4 Re8 {#r}
1-0

[Event "It (open)"]
[Site "masterchessopen.com Deizisau (Germany)"]
[Round "1"]
[White "Gheng Josef (GER)"]
[Black "Porzer Thomas (GER)"]
[Result "1-0"]
[WhiteElo "2320"]
[BlackElo "1917"]

1.d4 Nf6 2.Nf3 g6 3.g3 Bg7 4.Bg2 O-O 5.O-O d6 6.c4 Nbd7 7.Nc3 c6 8.h3 e5 9.e4
exd4 10.Nxd4 Nb6 11.b3 Re8 12.Be3 d5 13.exd5 cxd5 14.c5 Nbd7 15.b4 Ne5 16.Bg5
Be6 17.Ncb5 Nc4 18.Rc1 Qd7 19.Nxe6 fxe6 20.Nd4 Kh8 21.h4 Rad8 22.Bh3 h6
23.Bxf6 Bxf6 24.Nxe6 Ne5 25.Nf4 Qf7 26.Nd3 Nc4 27.Bg2 Rd7 28.b5 Rde7 29.Nf4
{#r} 1-0

[Event "It (open)"]
[Site "masterchessopen.com Finkenstein (Austria)"]
[Round "0"]
[White "Piven Igor (UKR)"]
[Black "Ciglic Boris (SLO)"]
[Result "1-0"]
[WhiteElo "2355"]
[BlackElo "2115"]

1.d4 Nf6 2.Nf3 g6 3.c4 Bg7 4.g3 O-O 5.Bg2 d6 6.O-O c6 7.Nc3 Nbd7 8.e4 e5 9.h3
exd4 10.Nxd4 Nc5 11.Be3 Re8 12.Qc2 a5 13.Rad1 Nfd7 14.b3 Qe7 15.Rfe1 Qf8 16.f4
Nf6 17.Bf2 Nh5 18.Kh2 f5 19.exf5 Rxe1 20.Rxe1 Bxd4 21.Bxd4 Bxf5 22.Qd2 Bc8
23.Nd5 {#r} 1-0

[Event "Ch France (team) 1996/97"]
[Site "masterchessopen.com France"]
[Round "2"]
[White "Spielmann Alain (FRA)"]
[Black "Lamoureux Charles (FRA)"]
[Result "0-1"]
[WhiteElo "2255"]
[BlackElo "2375"]

1.d4 Nf6 2.Nf3 g6 3.c4 Bg7 4.Nc3 O-O 5.g3 d6 6.Bg2 Nbd7 7.O-O e5 8.e4 c6 9.h3
Qb6 10.Re1 exd4 11.Nxd4 Re8 12.Re2 Ng4 13.Nc2 Nge5 14.Ne3 Nc5 15.Rd2 Be6
16.Kh2 Nxc4 17.Nxc4 Bxc4 18.Rxd6 Ne6 19.f4 Rad8 20.Rxd8 Rxd8 21.Qe1 Bd4 22.Nd1
Nc5 23.Bf1 Bxf1 24.Qxf1 Nxe4 {#R} 0-1

[Event "Ch Hungary (team) 1997/98 (2 liga)"]
[Site "masterchessopen.com Hungary"]
[Round "0"]
[White "Melaxasz Vaszil (HUN)"]
[Black "Szittar Antal (HUN)"]
[Result "0-1"]
[WhiteElo "2150"]
[BlackElo "2001"]

1.Nf3 Nf6 2.d4 g6 3.g3 Bg7 4.Bg2 O-O 5.O-O d6 6.c4 Nbd7 7.Nc3 c6 8.h3 e5 9.e4
exd4 10.Nxd4 Nc5 11.Re1 Re8 12.Nc2 Be6 13.Ne3 a5 14.Qc2 a4 15.Rb1 Qc7 16.Kh2
Nfd7 17.f4 f5 18.exf5 Bxf5 19.Nxf5 Rxe1 20.Nxg7 Kxg7 21.Bd2 Rxb1 22.Nxb1 Nf6
23.Bc3 Qe7 24.g4 Kg8 25.Nd2 Re8 26.b4 axb3 27.axb3 Qe3 28.f5 Qf4+ 29.Kg1 Re2
{#R} 0-1

[Event "It (open) \"]
[Site "masterchessopen.com Jyvaskyla (Finland)"]
[Round "6"]
[White "Linqvist Grels (FIN)"]
[Black "Herranen Matti (FIN)"]
[Result "0-1"]
[WhiteElo "2003"]
[BlackElo "2102"]

1.c4 Nf6 2.Nc3 g6 3.g3 Bg7 4.Bg2 d6 5.d4 O-O 6.Nf3 Nbd7 7.O-O c6 8.e4 e5 9.h3
Nh5 10.Be3 Qe8 11.Re1 f5 12.exf5 gxf5 13.d5 e4 14.Nd4 Ne5 15.Bf1 c5 16.Be2
Nxg3 17.fxg3 cxd4 18.Bxd4 Qg6 19.Kh2 f4 20.gxf4 Qh6 21.Bxe5 Qxh3+ 22.Kg1 Bxe5
23.Nxe4 Bxf4 24.Bf3 Qh2+ 25.Kf1 Bh3+ {#R} 0-1

[Event "It (open) (a)"]
[Site "masterchessopen.com Klatovy (Czech Republic)"]
[Round "0"]
[White "Jurek Josef (CZE)"]
[Black "Hitzgerova Gabriela (CZE)"]
[Result "1-0"]
[WhiteElo "2415"]
[BlackElo "2195"]

1.d4 Nf6 2.c4 g6 3.Nc3 Bg7 4.g3 d6 5.Bg2 O-O 6.Nf3 Nbd7 7.O-O c6 8.e4 e5 9.h3
exd4 10.Nxd4 a5 11.Be3 Nc5 12.Qc2 Re8 13.Rad1 Nfd7 14.b3 Ne5 15.Nxc6 bxc6
16.Bxc5 Re6 17.f4 Nd7 18.Bxd6 Qb6+ 19.Kh2 Bd4 20.e5 {#r} 1-0

[Event "It (open) \"]
[Site "masterchessopen.com Mitilini (Greece)"]
[Round "8"]
[White "Velikov Petar (BUL)"]
[Black "Georgiev Krum (BUL)"]
[Result "1-0"]
[WhiteElo "2480"]
[BlackElo "2530"]

1.Nf3 g6 2.g3 Bg7 3.d4 Nf6 4.Bg2 O-O 5.O-O d6 6.c4 c6 7.h3 Nbd7 8.Nc3 e5 9.e4
Re8 10.Re1 a5 11.Be3 b6 12.Qc2 Ba6 13.b3 Rc8 14.Rad1 Qc7 15.Rd2 d5 16.dxe5
Nxe4 17.Nxe4 dxe4 18.Ng5 Bxe5 19.Nxe4 Nf6 20.Ng5 c5 21.Nf3 Bd6 22.Bg5 Rxe1+
23.Nxe1 Re8 24.Bxf6 Rxe1+ 25.Kh2 Re6 26.Bb2 Re8 27.Qd1 Be5 28.Rd7 Qb8 29.Bd5
{#r} 1-0

[Event "It (open)"]
[Site "masterchessopen.com Regensburg (Germany)"]
[Round "6"]
[White "Schwarz Michael (AUT)"]
[Black "Ryba Andreas (GER)"]
[Result "1-0"]
[WhiteElo "2400"]
[BlackElo "2060"]

1.c4 Nf6 2.g3 g6 3.Bg2 Bg7 4.d4 c6 5.Nf3 O-O 6.O-O d6 7.Nc3 Nbd7 8.e4 e5 9.h3
Qe7 10.Re1 Rd8 11.Be3 Nf8 12.Qd2 Bd7 13.Rad1 b5 14.cxb5 cxb5 15.Bg5 Bc6 16.a3
Qb7 17.dxe5 dxe5 18.Qxd8 Rxd8 19.Rxd8 Nd7 20.Be7 f6 21.Rd1 Kf7 22.Bxf8 Bxf8
23.Nd5 Nc5 24.Nxf6 Be7 25.Nxe5+ Ke6 26.Nxc6 Qxc6 27.e5 Qb6 28.Re8 {#r} 1-0

[Event "Ch Costa Rica"]
[Site "masterchessopen.com San Jose (Costa Rica)"]
[Round "3"]
[White "Minero Pineda Sergio (CRC)"]
[Black "Rodriguez Adrian (CRC)"]
[Result "1-0"]
[WhiteElo "2410"]
[BlackElo "2151"]

1.d4 Nf6 2.c4 g6 3.Nf3 d6 4.g3 Bg7 5.Bg2 O-O 6.Nc3 Nbd7 7.O-O e5 8.e4 c6 9.h3
a5 10.Re1 exd4 11.Nxd4 Re8 12.Rb1 Nc5 13.Bf4 Nh5 14.Be3 Nf6 15.Qc2 a4 16.b4
axb3 17.axb3 Qe7 18.b4 Ne6 19.Rbd1 Nd7 20.f4 Nxd4 21.Bxd4 Bxd4+ 22.Rxd4 Nb6
23.Red1 Be6 24.Bf1 c5 25.Rxd6 Nxc4 26.Bxc4 Bxc4 27.bxc5 Qc7 28.Qf2 Bb3 29.Rb1
Bc2 30.Nd5 {#r} 1-0

[Event "Ch Spain"]
[Site "masterchessopen.com Torrevieja (Spain)"]
[Round "7"]
[White "Sanchez Guirado Francisco (ESP)"]
[Black "Garcia Del Rey Senen (ESP)"]
[Result "1-0"]
[WhiteElo "2380"]
[BlackElo "2295"]

1.Nf3 Nf6 2.c4 g6 3.d4 Bg7 4.g3 O-O 5.Bg2 d6 6.O-O Nbd7 7.Nc3 e5 8.e4 c6 9.h3
exd4 10.Nxd4 Nc5 11.Be3 Re8 12.Qc2 a5 13.Rad1 a4 14.Nxc6 Qb6 15.Nd4 Qb4
16.Ndb5 {#r} 1-0